| 000 | 00780nam a2200289Ia 4500 | ||
|---|---|---|---|
| 001 | 11899 | ||
| 005 | 20240113235333.0 | ||
| 007 | ta | ||
| 008 | 050930s1961 a g b000 u eng u | ||
| 020 | _cPB | ||
| 040 | _aCotton College Assam | ||
| 041 | _aeng | ||
| 082 |
_a370.15 _bK 848 El |
||
| 100 | _aKothurkar, V.K.. | ||
| 245 | 0 |
_aElements of Psychology: Normal and Abnormrl / _cV.K.Kothurkar,L.B.Harolikar. _hTextual Documents |
|
| 250 | _a1st ed. / | ||
| 260 |
_aCalcutta : _bOrient Book Co. , _c1961. |
||
| 300 |
_a215p. : _bill ; _c22cm . |
||
| 504 | _aIndex | ||
| 653 | _aEducation | ||
| 653 | _aPsychology-Normal and Abnormrl | ||
| 653 | _aG-Education | ||
| 700 | _aHarolikar, L.B.. | ||
| 942 |
_2ddc _cBK |
||
| 999 |
_c11886 _d11886 |
||